[Event "Bosnjaci op 28th"]
[Site "Bosnjaci"]
[Date "2024.01.03"]
[Round "1"]
[White "Jocev, Milan"]
[Black "Matozan, Zvonko"]
[Result "1-0"]
[WhiteElo "2376"]
[BlackElo "1824"]
[PlyCount "73"]
[EventDate "2024.01.03"]
[EventType "swiss"]
[EventRounds "9"]
[EventCountry "CRO"]
[SourceTitle "CB02_2024"]
[SourceDate "2024.01.10"]
[SourceVersion "1"]
[SourceVersionDate "2024.01.10"]
[SourceQuality "1"]

1. d4 d6 2. Nf3 g6 3. c4 Bg7 4. g3 Nc6 5. Bg2 Bd7 6. Nc3 Nf6 7. 0-0 0-0 8. b3 a6 9. Bb2 Rb8 10. d5 Na7 11. a4 e5 12. e4 Nc8 13. a5 Ne7 14. Ne1 Ng4 15. Nd3 f5 16. c5 f4 17. Ba3 Bc8 18. Nb2 dxc5 19. Bxc5 b6 20. axb6 cxb6 21. Ba3 b5 22. d6 b4 23. dxe7 Qxd1 24. exf8Q+ Bxf8 25. Rfxd1 bxc3 26. Rd8 cxb2 27. Rxf8+ Kg7 28. Rb1 Rxb3 29. Rxc8 Rxa3 30. Rc2 f3 31. Bf1 Nf6 32. Rcxb2 Nxe4 33. Re1 Ra4 34. Rc2 Ng5 35. Rxe5 Kh6 36. h4 Ne4 37. Rc4 1-0

[Event "Vukovar Srijem CupT 6th"]
[Site "Tompojevci"]
[Date "2013.03.10"]
[Round "4.2"]
[White "Mladenovic, Velisa"]
[Black "Matozan, Zvonko"]
[Result "1/2-1/2"]
[WhiteElo "2169"]
[BlackElo "1970"]
[PlyCount "80"]
[EventDate "2013.03.08"]
[EventType "team-swiss"]
[EventRounds "5"]
[EventCountry "CRO"]
[SourceTitle "EXT 2014"]
[Source "ChessBase"]
[SourceDate "2013.11.20"]
[SourceVersion "1"]
[SourceVersionDate "2013.11.20"]
[SourceQuality "1"]
[WhiteTeam "Trpinja Triglav"]
[BlackTeam "Komletinci"]
[WhiteTeamCountry "CRO"]
[BlackTeamCountry "CRO"]

1. d4 d6 2. Bf4 g6 3. e3 Bg7 4. Nf3 a6 5. Bc4 Nc6 6. c3 e6 7. 0-0 Nge7 8. Re1 0-0 9. Nbd2 d5 10. Bd3 f5 11. b4 h6 12. Ne5 Nxe5 13. Bxe5 Bd7 14. a4 Bxe5 15. dxe5 Qe8 16. f4 g5 17. Rf1 g4 18. h3 gxh3 19. gxh3 Kh7 20. Kh2 Rg8 21. Nf3 Ng6 22. Rg1 Qe7 23. Qe2 Rg7 24. Rg3 Nh4 25. Nxh4 Qxh4 26. Rxg7+ Kxg7 27. Rg1+ Kh8 28. Qg2 Qe7 29. Qg6 Qf8 30. c4 c6 31. cxd5 cxd5 32. b5 a5 33. Rc1 Rc8 34. Rxc8 Bxc8 35. b6 Bd7 36. Ba6 bxa6 37. b7 Qb8 38. Qxh6+ Kg8 39. Qg6+ Kh8 40. Qh6+ Kg8 1/2-1/2

[Event "CRO-chT2 East"]
[Site "Osijek"]
[Date "2010.10.31"]
[Round "10.66"]
[White "Sulc, Gordana"]
[Black "Matozan, Zvonko"]
[Result "1/2-1/2"]
[WhiteElo "1903"]
[BlackElo "1995"]
[PlyCount "58"]
[EventDate "2010.04.17"]
[EventType "team-tourn"]
[EventRounds "11"]
[EventCountry "CRO"]
[SourceTitle "EXT 2012"]
[Source "ChessBase"]
[SourceDate "2011.11.24"]
[SourceVersion "1"]
[SourceVersionDate "2011.11.24"]
[SourceQuality "1"]

1. e4 d6 2. d4 g6 3. Nf3 Bg7 4. Bc4 Nc6 5. c3 Nf6 6. Qe2 0-0 7. 0-0 Bg4 8. h3 Bxf3 9. Qxf3 e5 10. d5 Ne7 11. Bg5 Nd7 12. g4 f6 13. Bh4 g5 14. Bg3 Ng6 15. Nd2 a6 16. a4 Qe8 17. a5 Nf4 18. Kh2 h5 19. Rh1 h4 20. Bxf4 exf4 21. Qe2 Ne5 22. Nf3 Nxf3+ 23. Qxf3 Qe5 24. Rhe1 Rae8 25. Re2 Kh7 26. Kg1 Kh6 27. Ra4 Qe7 28. Rb4 Rb8 29. Bd3 Qe5 1/2-1/2

[Event "Bosnjaci op 13th"]
[Site "Bosnjaci"]
[Date "2008.01.07"]
[Round "7"]
[White "Matozan, Zvonko"]
[Black "Horvatic, Ivica"]
[Result "0-1"]
[WhiteElo "2050"]
[BlackElo "1881"]
[PlyCount "126"]
[EventDate "2008.01.03"]
[EventType "swiss"]
[EventRounds "9"]
[EventCountry "CRO"]
[SourceTitle "CBM 122 Extra"]
[Source "ChessBase"]
[SourceDate "2008.03.04"]
[SourceVersion "1"]
[SourceVersionDate "2008.03.04"]
[SourceQuality "1"]

1. a3 Nf6 2. b4 e5 3. Bb2 d6 4. c4 Bf5 5. Nc3 Nc6 6. e3 g6 7. Nf3 Bg7 8. Rc1 0-0 9. h3 a5 10. b5 Ne7 11. Be2 Qd7 12. Nh2 d5 13. c5 d4 14. c6 bxc6 15. bxc6 Nxc6 16. Nb5 d3 17. Bg4 Bxg4 18. Nxg4 Nxg4 19. Qxg4 Qxg4 20. hxg4 Rab8 21. a4 Nb4 22. Rxc7 Nc2+ 23. Kf1 Rfc8 24. Rxc8+ Rxc8 25. g3 Rc4 26. Nd6 Rxa4 27. Ne8 Rb4 28. Bc3 Rb1+ 29. Kg2 Rxh1 30. Kxh1 a4 31. Nxg7 Kxg7 32. Bxe5+ f6 33. Bc3 a3 34. g5 a2 35. Bxf6+ Kf7 36. Kg2 a1Q 37. Bxa1 Nxa1 38. Kf3 Nb3 39. Ke4 Nxd2+ 40. Kxd3 Nf3 41. Ke4 Nxg5+ 42. Ke5 Nf3+ 43. Kf4 Nd2 44. Ke5 Nc4+ 45. Kd5 Nb2 46. e4 Nd1 47. f4 Ke7 48. Kd4 Ke6 49. Kd3 h5 50. Ke2 Nb2 51. Kf3 Nc4 52. Ke2 g5 53. fxg5 Ke5 54. g6 Kf6 55. Kf3 Ne5+ 56. Ke3 Kxg6 57. Kf4 Kf6 58. Ke3 Kg5 59. Kd4 Nf3+ 60. Ke3 Kg4 61. Kf2 Ng5 62. e5 Kf5 63. Ke3 Kxe5 0-1

[Event "Bosnjaci op 13th"]
[Site "Bosnjaci"]
[Date "2008.01.06"]
[Round "5"]
[White "Matozan, Zvonko"]
[Black "Mutapcic, Ilija"]
[Result "0-1"]
[WhiteElo "2050"]
[BlackElo "1948"]
[PlyCount "88"]
[EventDate "2008.01.03"]
[EventType "swiss"]
[EventRounds "9"]
[EventCountry "CRO"]
[SourceTitle "CBM 122 Extra"]
[Source "ChessBase"]
[SourceDate "2008.03.04"]
[SourceVersion "1"]
[SourceVersionDate "2008.03.04"]
[SourceQuality "1"]

1. a3 d5 2. b4 e5 3. Bb2 Bd6 4. e3 Nf6 5. Nf3 Bg4 6. Be2 Nbd7 7. h3 Bxf3 8. Bxf3 e4 9. Be2 Ne5 10. d4 Ng6 11. c4 c6 12. Nc3 0-0 13. Rc1 a6 14. Qb3 Bb8 15. h4 h6 16. g4 dxc4 17. Qxc4 Nd5 18. Nxe4 Nxh4 19. Nc3 Ng2+ 20. Kd2 Nh4 21. Rcg1 g5 22. Rh3 Kg7 23. Ne4 f6 24. Qd3 Qe7 25. Bd1 Rf7 26. Bc2 Kf8 27. Qe2 Bc7 28. Ng3 Re8 29. Rxh4 Bxg3 30. Rxh6 Bxf2 31. Rh8+ Kg7 32. Rxe8 Qxe8 33. Qxf2 Re7 34. Rg3 Qh8 35. Qg2 Qh4 36. Rh3 Nxe3 37. Rxh4 Nxg2 38. Rh7+ Kf8 39. Rxe7 Kxe7 40. Be4 Nf4 41. Ke3 Kd6 42. Bf5 Nd5+ 43. Kd3 Kc7 44. Be6 Nf4+ 0-1

[Event "Bosnjaci op 13th"]
[Site "Bosnjaci"]
[Date "2008.01.04"]
[Round "2"]
[White "Matozan, Zvonko"]
[Black "Majeric, Zoran"]
[Result "0-1"]
[WhiteElo "2050"]
[BlackElo "2327"]
[PlyCount "123"]
[EventDate "2008.01.03"]
[EventType "swiss"]
[EventRounds "9"]
[EventCountry "CRO"]
[SourceTitle "CBM 122 Extra"]
[Source "ChessBase"]
[SourceDate "2008.03.04"]
[SourceVersion "1"]
[SourceVersionDate "2008.03.04"]
[SourceQuality "1"]

1. a3 c5 2. c4 Nf6 3. b4 b6 4. e3 e6 5. bxc5 bxc5 6. Bb2 Be7 7. Nc3 0-0 8. Nf3 Nc6 9. Be2 d5 10. cxd5 exd5 11. Qc2 Bg4 12. Ng5 g6 13. Bxg4 Nxg4 14. Nf3 Rb8 15. 0-0 Qd6 16. h3 Nge5 17. Nxe5 Nxe5 18. Ne2 Nc4 19. Bc3 Rfc8 20. d3 Nb6 21. Qd2 Na4 22. Rab1 Nxc3 23. Qxc3 Bf6 24. Qa5 Bd8 25. Qa4 Bc7 26. g3 Rb6 27. Rxb6 Bxb6 28. Nc3 Qe5 29. Nb5 Qe6 30. Kh2 h5 31. Qf4 a6 32. Nc3 c4 33. d4 Ba5 34. Na4 Qc6 35. Nc5 Bc7 36. Qf3 f5 37. Rb1 Rb8 38. Qd1 Rxb1 39. Qxb1 Bd6 40. Qb4 h4 41. a4 hxg3+ 42. fxg3 Qc7 43. Kg2 Qe7 44. Qc3 Bxc5 45. dxc5 Qxc5 46. Qf6 Kh7 47. g4 fxg4 48. h4 Qc7 49. Qxa6 c3 50. Qf6 c2 51. h5 gxh5 52. Qf5+ Kg7 53. Qg5+ Kf7 54. Qxh5+ Ke7 55. Qh7+ Kd6 56. Qg6+ Kd7 57. Qf7+ Kc6 58. Qf6+ Kb7 59. Qb2+ Ka7 60. Qc1 Qc4 61. Kf2 Qd3 62. Ke1 0-1

[Event "CRO-chT3 East-B"]
[Site "Croatia"]
[Date "2005.03.20"]
[Round "2.4"]
[White "Nestorovic, Vladimir"]
[Black "Matozan, Zvonko"]
[Result "0-1"]
[WhiteElo "2208"]
[BlackElo "2032"]
[PlyCount "88"]
[EventDate "2005.03.13"]
[EventType "team-tourn"]
[EventRounds "11"]
[EventCountry "CRO"]
[SourceTitle "EXT 2007"]
[Source "ChessBase"]
[SourceDate "2006.11.23"]
[SourceVersion "1"]
[SourceVersionDate "2006.11.23"]
[SourceQuality "1"]
[WhiteTeam "Ernestinovo"]
[BlackTeam "Komletinci"]
[WhiteTeamCountry "CRO"]
[BlackTeamCountry "CRO"]

1. Nf3 Nf6 2. c4 g6 3. d4 d6 4. Nc3 Bg7 5. e4 Nbd7 6. h3 c5 7. d5 0-0 8. Bd3 Ne8 9. 0-0 Ne5 10. Nxe5 Bxe5 11. Be3 f5 12. f4 Bxc3 13. bxc3 fxe4 14. Bxe4 Bf5 15. Bxf5 Rxf5 16. g4 Rf7 17. Rb1 b6 18. Rb2 Ng7 19. Rg2 Qd7 20. Qd2 Raf8 21. Rf3 e5 22. Rff2 exf4 23. Bxf4 Qe7 24. Bg3 Rxf2 25. Rxf2 Rxf2 26. Qxf2 Ne8 27. Bf4 Kg7 28. Qd2 Kg8 29. Bh6 Nc7 30. Qf2 Qf7 31. Qe3 Qe8 32. Kf2 Qxe3+ 33. Kxe3 Kf7 34. Bg5 h5 35. Kf4 hxg4 36. hxg4 Ne8 37. Bd8 Nf6 38. a4 Nd7 39. Bc7 Ke7 40. Kg5 Ne5 41. Bb8 a6 42. Ba7 Nxc4 43. Kxg6 b5 44. a5 Ne3 0-1

[Event "Treber Memorial 1st"]
[Site "Vinkovci"]
[Date "2004.03.07"]
[Round "2"]
[White "Hodak, Stevo"]
[Black "Matozan, Zvonko"]
[Result "1-0"]
[WhiteElo "2283"]
[BlackElo "2088"]
[PlyCount "107"]
[EventDate "2004.03.06"]
[EventType "swiss"]
[EventRounds "9"]
[EventCountry "CRO"]
[SourceTitle "CBM 099 Extra"]
[Source "ChessBase"]
[SourceDate "2004.05.04"]
[SourceVersion "1"]
[SourceVersionDate "2004.05.04"]
[SourceQuality "1"]

1. e4 e5 2. Nf3 Nf6 3. Nc3 Bb4 4. Bc4 d6 5. d3 h6 6. Bd2 Bg4 7. h3 Bh5 8. g4 Bg6 9. Nh4 Bh7 10. Nf5 Bxf5 11. gxf5 g5 12. fxg6 fxg6 13. Rg1 g5 14. Qf3 Qe7 15. Qf5 Nbd7 16. Qg6+ Kd8 17. Qf5 c6 18. Qf3 Kc7 19. a3 Bc5 20. Be3 Raf8 21. Qe2 b5 22. Ba2 Nb6 23. Bxc5 dxc5 24. Nd1 Qe8 25. Ne3 Nh5 26. 0-0-0 Nf4 27. Qg4 Rf6 28. Kb1 Qd7 29. h4 Nh3 30. hxg5 hxg5 31. Rh1 Rh4 32. Qg3 Rff4 33. f3 Qh7 34. Ng2 Nf2 35. Rxh4 gxh4 36. Qxf2 Rf6 37. Nxh4 Nd7 38. Nf5 Rg6 39. b4 Qh3 40. f4 Rg2 41. Qf1 Qh2 42. Bb3 Rf2 43. Qh1 Qxf4 44. Qh6 Qxh6 45. Nxh6 Rh2 46. Nf5 cxb4 47. axb4 Rh7 48. Rg1 Kb6 49. Rg6 Kc7 50. Rg7 Rxg7 51. Nxg7 Kb6 52. Ne6 a5 53. bxa5+ Kxa5 54. Nd8 1-0